000 00421nam a22001337a 4500
008 240220b |||||||| |||| 00| 0 eng d
020 _a849615453X
082 _aC
_bARAG
100 _aAragone, Ximena
_eautor
_943478
245 _aGastón:
_bEl gato glotón /
_cXimena Aragón y Beatriz Battione
260 _aValencia:
_bBrosquil edicions,
_c2000
300 _a29 páginas:
_bIlustraciones a color;
_c21 cm.
942 _2ddc
999 _c30679
_d17063